000 002530000a22000970004500
100 1 _aSpahr, Jean
245 1 0 _aTo Dominga with love
300 _aVol. 77, Num 3 (Julio-Septiembre, 1997), Páginas 16-17
773 0 _tLatin America Evangelist
942 _cANA
999 _c55090
_d55090